000 00275cam a22000857a 4500
008 180718b1968 xxu||||| |||| 00| 0 eng d
082 _aW7x73 Un3r
245 _aFinal report: President's task force on communications policy
260 _aWashington
_bGovernment Printing Office
_c1968
999 _c498652
_d498652